Have Japanese firms changed? : the lost decade (Record no. 45394)

MARC details
000 -LEADER
fixed length control field 00792nam a2200205 a 4500
008 - FIXED-LENGTH DATA ELEMENTS--GENERAL INFORMATION
fixed length control field 211203s2011 ||||||||||||||||| || u
020 ## - INTERNATIONAL STANDARD BOOK NUMBER
International Standard Book Number 9781349321155
050 ## - LIBRARY OF CONGRESS CALL NUMBER
Classification number HC 462.95 Hav
100 ## - MAIN ENTRY--PERSONAL NAME
Personal name Miyoshi, Hiroaki
245 10 - TITLE STATEMENT
Title Have Japanese firms changed? : the lost decade
Statement of responsibility, etc. Edited by Hiroaki Miyoshi; Yoshifumi Nakata
260 ## - PUBLICATION, DISTRIBUTION, ETC.
Place of publication, distribution, etc. England
Name of publisher, distributor, etc. Palgrave Macmillan
Date of publication, distribution, etc. 2011
300 ## - PHYSICAL DESCRIPTION
Extent xix, 315 pages : illustrations
650 ## - SUBJECT ADDED ENTRY--TOPICAL TERM
Topical term or geographic name entry element INDUSTRIES--JAPAN
650 #7 - SUBJECT ADDED ENTRY--TOPICAL TERM
Topical term or geographic name entry element BUSINESS ENTERPRISES
Source of heading or term fast
650 #0 - SUBJECT ADDED ENTRY--TOPICAL TERM
Topical term or geographic name entry element ECONOMIC POLICY
650 #0 - SUBJECT ADDED ENTRY--TOPICAL TERM
Topical term or geographic name entry element ORGANIZATIONAL CHANGE
650 #0 - SUBJECT ADDED ENTRY--TOPICAL TERM
Topical term or geographic name entry element ECONOMIC HISTORY
700 ## - ADDED ENTRY--PERSONAL NAME
Personal name Nakata, Yoshifumi
995 ## - RECOMMENDATION 995 [LOCAL, UNIMARC FRANCE]
-- CBU-MAIN LIBRARY (Kitwe)
-- 126.32
-- 1
-- AVAILABLE
-- Dec 3, 2021
-- Main Library Open Access Collection
Holdings
Withdrawn status Lost status Source of classification or shelving scheme Damaged status Not for loan Home library Current library Shelving location Date acquired Total Checkouts Full call number Barcode Date last seen Price effective from Koha item type
          CBU-MAIN LIBRARY, KITWE. CBU-MAIN LIBRARY, KITWE.   11/30/2022   HC 462.95 Hav 751249 11/30/2022 11/30/2022 MONOGRAPH